Úloha Special Drawing Rights v medzinárodnom menovom systéme diplomová práca

Gespeichert in:
Bibliographische Detailangaben
1. Verfasser: Holubová, Denisa
Körperschaft: Národohospodárska fakulta EU. Katedra bankovníctva a medzinárodných financií
Weitere Verfasser: Jankovská, Anežka
Format: Buch
Sprache:Slowakisch
Veröffentlicht: Bratislava 2015
Tags: Tag hinzufügen
Keine Tags, Fügen Sie das erste Tag hinzu!

MARC

LEADER 00000nbm a2200000 4500
001 0202552
005 20161212095629.1
041 0 |a slo 
044 |a SK 
245 1 0 |a Úloha Special Drawing Rights v medzinárodnom menovom systéme  |b diplomová práca  |c Denisa Holubová ; školiteľ: Anežka Jankovská 
264 1 |a Bratislava  |c 2015 
300 |a 69 s. 
100 1 |a Holubová, Denisa 
700 1 |a Jankovská, Anežka 
710 2 |a Národohospodárska fakulta EU. Katedra bankovníctva a medzinárodných financií